Представление документа в формате MARC21

Поле Инд. ПП Название Значение
Тип записи a
Библиографический уровень a
001 Контрольный номер 86519a4009ac407094effbac6efdb198
005 Дата корректировки 20180409143808.9
020 a ISBN 978-5-7609-0971-8
040 a Служба первич. каталог. НБ ТвГУ
b Код языка каталог. rus
e Правила каталог. PSBO
041 0_ a Код языка текста rus
097 b Оператор batjaeva_g
245 10 a Заглавие Лазерный синтез и оптическая диагностика плазмонных наноструктур серебра на поверхности стекла
260 a Место издания Тверь
b Издательство Тверской государственный университет
504 a Библиография Библиогр.: с. 192 (12 назв.)
520 0_ a Аннотация В данной работе описан метод формирования поверхностных наноструктур серебра при лазерной эрозии металлической мишени при атмосферном давлении. Полученные монослои серебряных наночастиц исследованы методами РЭМ, АСМ, спектрального анализа.
653 0_ a Ключевые слова Лазерный синтез
a Ключевые слова Монослой серебряных наночастиц
a Ключевые слова Поверхностный плазмонный резонанс
700 12 a Другие авторы Козадаев Константин Владимирович
q Полное имя Козадаев К. В.
700 12 a Другие авторы Гончаров Виктор Константинович
q Полное имя Гончаров В. К.
700 12 a Другие авторы Микитчук Елена Петровна
q Полное имя Микитчук Е. П.
700 12 a Другие авторы Прохорович Михаил Александрович
q Полное имя Прохорович М. А.
773 18 w Контрольный № источника 9994464931ab44c0bbc2935be4440591
t Название источника Физико-химические аспекты изучения кластеров, наноструктур и наноматериалов
d Место и дата издания Тверь : Тверской государственный университет, 2014
g Прочая информация Вып. 6. - С. 186-192
856 40 u URL http://texts.lib.tversu.ru/texts/11595t.pdf
x Примечание для ЭОР Справка УИС 2016
i Дата подключения ЭОР 20170414
x Примечание для ЭОР Реестр суммарного учета сетевых локальных документов
900 a Имя макрообъекта 11595t
901 t Тип документа a
920 a Оператор Батя